LEADER 01347nam a2200265 i 4500 001 000000154731 003 CaOOAMICUS 005 20061024000000.0 008 061024s1938 it u000 u ita u 013 $a132077 040 $aSeMil$bita 100 1 $aVisconti, Alessandro,$d<1884-1955>.$0(OLS)http://semarc/name/57742 245 10$aDa Stradivari a Mantegna :$bfra l'Adda e il Mincio /$citinerario con fermate facoltative di Alex Visconti ; impressioni pittoriche di Giannino Grossi. 260 $aMilano :$b[s.n.],$c1938. 300 $a82 p., [39] p. di tav. ;$c27 cm. 490 0 $aLe Strenne del Pio Istituto Rachitici relative a Milano ed alla Lombardia 490 0 $aPaesaggi lombardi ;$v.[7.] 500 $aAi pie' del front : Strenna a beneficio del Pio Istituto dei rachitici di Milano 1937-38. 700 1 $aGrossi, Giannino.$0(OLS)http://semarc/name/57861 830 3$aLe Strenne del Pio Istituto Rachitici relative a Milano ed alla Lombardia.$0(OLS)http://semarc/title/19823 830 0$aPaesaggi lombardi ;$v.[7.].$0(OLS)http://semarc/title/22004 850 $aSeMil 852 $aSeMil$W1$xVenegono$y1$m5R IX 29$j106587$B106587$CSeMilBibl$Z2$F115797 $81 996 $6245$aDa Stradivari a Mantegna :$bfra l'Adda e il Mincio$9(OLS)http://semarc/title/226500 996 $6260$aMilano :$b[s.n.]$9(OLS)http://semarc/publisher/29709 LEADER 01022nam a2200241 i 4500 001 000000346163 003 CaOOAMICUS 005 20251107121856.0 008 210524s1901 it u000 u ita u 013 $a167834 040 $aSeMil$bita 100 1 $aMurri, Romolo,$d<1870-1944>.$0(OLS)http://semarc/name/5450 245 10$aConservatrice la Chiesa?$cR. Murri. 260 $aRoma :$bSocietà italiana cattolica di cultura,$c1901. 300 $a16 p. ;$c22 cm 490 1 $aPropaganda cristiana sociale. Opuscoli popolari ;$v8 650 4$aChiesa - Sec. 20.$0(OLS)http://semarc/subject/9194 830 0$aPropaganda cristiana sociale. Opuscoli popolari ;$v8.$0(OLS)http://semarc/title/435377 850 $aSeMil 852 $aSeMil$W1$xVenegono$y1$m5A III 7/21$j226429$B237212$CSeMilBibl$Z2$F237212 $81 996 $6245$aConservatrice la Chiesa?$9(OLS)http://semarc/title/435375 996 $6260$aRoma :$bSocietà italiana cattolica di cultura$9(OLS)http://semarc/publisher/33109